Statistics for Top 25 Christian Music Artists 2023

Click here to take the quiz!

General Stats

  • This quiz has been taken 26 times
  • The average score is 9 of 25

Answer Stats

HintAnswer% Correct
25Hillsong Worship
81%
2Elevation Worship
67%
3Brandon Lake
62%
1Lauren Daigle
57%
8MercyMe
57%
5Phil Wickham
57%
14Maverick City Music
52%
22Anne Wilson
48%
12Casting Crowns
48%
4For King and Country
48%
11CAIN
43%
10Chris Tomlin
43%
13TobyMac
43%
17Bethel Music
33%
15Cody Carnes
33%
21CeCe Winans
24%
9Zach Williams
24%
18Colton Dixon
19%
20We the Kingdom
19%
7Katy Nicole
14%
24Micah Tyler
14%
19Blessing Offor
10%
23Jon Reddick
10%
16Skillet
10%
6Kayne West
5%

Score Distribution

Percentile by Number Answered

Percent of People with Each Score

Your Score History

You have not taken this quiz